000 01252cam a22003137a 4500
003 CHAP
005 20220329141925.0
008 980619d1997 mx rb 00110 spa d
010 _a75783
011 _a76755
020 _a9688780227
035 _a86344
040 _cCHAP
082 0 4 _a580.972
_bA2
110 2 _aAcademia Regional de Investigadores en Flora y Fauna del Centro de la República Mexicana
_9384
245 1 0 _aLiteratura sobre flora y fauna de la región centro-sur de la República Mexicana :
_b(análisis preliminar)
_c/por Academia Regional de Investigadores en Flora y Fauna del Centro de la República Mexicana
260 _aCuernavaca, Mor. :
_bAcademia Regional de Investigadores en Flora y Fauna del Centro de la República Mexicana,
_c1997.
300 _a280 p. :
_bilus.
590 _aBATCH-UPD
_b10
_c20130110
_lUCH01
_h0533
590 _aBATCH-UPD
_b10
_c20130410
_lUCH01
_h0213
590 _aBATCH-UPD
_b10
_c20130914
_lUCH01
_h0736
590 _aCONVERSION
_b10
_c20130109
_lUCH01
_h1341
650 1 4 _aBotánica
_xBibliografía
_xMéxico.
_914503
650 1 4 _aBotánica
_zMéxico.
_914641
901 _aBK
905 _aLilia Sánchez G.
942 _cLIBRO
949 _a580.972 A2
_bBC
_cC
_d33724000690509
_eC
_h92568
_i86344
_sb
999 _c75783
_d75783